000 01066nam a22003377a 4500
001 BR2015002390
003 BR-BrBNA
005 20230928104622.0
007 ta
008 230509b bl.||||| |||| 00| 0 por d
040 _aBR-BrBNA
_bpor
_cBiblioteca Nacional de Agricultura
041 _a(Por)
072 _aF04; P34
_b1410
_b3820
_b3840
090 _ 1410 BR2015002390
100 1 _aFonseca, G.G.
110 1 _aUniversidade Federal de Lavras, MG (Brasil)
_0Dissertação (Pós-Graduação em Agranomia/Fitotecnia)
245 1 _aDoses de molibdênio foliar, nitrogênio e inoculação com Rhizobium ssp. No feijoeiro-comum cv.BRS MG Madrepérola
260 3 _aLavras, MG (Brasil):
_c2014.
300 _a182 p.
500 _aSummaries (Eng, Por); Several bibliography; 19 tables, 12 ilhus
650 _aFEIJÃO
650 _aVARIEDADE
650 _aMOLIBDÊNIO
650 _aDOSE
650 _aNITROGÊNIO
650 _aINOCULAÇÃO
650 _aRHIZOBIUM SSP
650 _aADUBAÇÃO
909 _a202309
_bLucia
_c55
_dLucia Elande
942 _cBK
999 _c80871
_d80871